| 000 | 00000nam##2200000za#4500 |
| 001 | 9.602238 |
| 003 | CaOODSP |
| 005 | 20210624210454 |
| 007 | cr ||||||||||| |
| 008 | 150406|2001||||xxc|||||o f|0| 0 fre|d |
| 040 | |aCaOODSP|bfre |
| 043 | |an-cn--- |
| 086 | 1 |aNH18-24/31F-PDF |
| 110 | 2 |aSociété canadienne d'hypothèques et de logement. |
| 245 | 10|aComprendre l'interaction des arbres, du sol d'argile sensible et des fondations et agir en conséquence |h[ressource électronique] |
| 260 | |aOttawa - Ontario : |bSociété canadienne d'hypothèques et de logement |cc2001. |
| 300 | |a8p.|bfigures, carte, références |
| 490 | 1 |aVotre maison |vCF31 |
| 590 | |a11-23-Supp|b2011-10-17 |
| 691 | 07|aSol|2gcpds |
| 691 | 07|aLogement|2gcpds |
| 775 | 08|tUnderstanding and dealing with interactions between trees, sensitive clay soils and foundations |w(CaOODSP)9.571816 |
| 776 | 0#|tComprendre l'interaction des arbres, du sol d'argile sensible et des fondations et agir en conséquence |w(CaOODSP)9.625895 |
| 830 | #0|aVotre maison ;|vCF31|w(CaOODSP)9.501787 |
| 856 | 40|ahttp://publications.gc.ca|qPDF|s1.31 Mo|uhttps://publications.gc.ca/collections/Collection/NH18-24-31F.pdf|yCF31 |